| 000 | 00738nam a2200217 a 4500 | ||
|---|---|---|---|
| 005 | 20140310183446.0 | ||
| 008 | 081003s19uu xx 00 eng d | ||
| 020 | _a9780071496162 | ||
| 050 |
_aHF 5548.4.B875 _b.J66 2008 |
||
| 100 | _aJones, Peter | ||
| 245 |
_aSAP business information warehouse reporting building better BI with SAP BI 7.0 : _bessential BI skills for business professionals. / _cPeter Jones. |
||
| 260 |
_aNew York : _bMcGraw-Hill, _c2008. |
||
| 300 |
_a894 p. : _bill.; _c26 cm. |
||
| 521 | _aIT | ||
| 650 | _aComputer Studies. | ||
| 650 | _aSAP Business Information Warehouse. | ||
| 650 |
_aBusiness intelligence _xComputer programs. |
||
| 650 | _aData warehousing. | ||
| 942 |
_cBK _2lcc _kFOR |
||
| 999 |
_c23250 _d23250 |
||